00484 2200193 4500001002100000005001500021035002000036008004100056245005400097100002600151250000600177260003600183300001100219084001400230082000800244650001400252990001200266990001200278INLIS00000000000037220240430024321 a0010-0424000348240430 0 ind 1 aKiat Menulis Karya Ilmiah /cDiah Erna Triningsih aErna Triningsih, Diah a1 aKlaten :bIntan Pariwara,c2015 a68 hlm a410 DIA k a410 4aNon Fiksi a0728580 a0728581